000 00257nam a2200109Ia 4500
008 190216s9999||||xx |||||||||||||| ||und||
100 _aGhosh P.K
245 0 _aText Book Of Company Secretarial Practice
260 _bNull
_c1976
300 _a653p
942 _cBK
999 _c5116
_d5116